ბათუმის შოთა რუსთაველის სახელმწიფო უნივერსიტეტის ბიბლიოთეკა

საყმაწვილო უნივერსალური ენციკლოპედია : (ბიბ.ჩანაწერი № 62965)

000 -ლიდერი
ფიქსირებული სიგრძის საკონტროლო ველი 01471nam a22002297a 4500
003 - საკონტროლო ნომრის იდენტიფიკატორი
საკონტროლო ველი Ge_BSU
005 - ბოლო ოპერაციის თარიღი და დრო
საკონტროლო ველი 20250415155219.0
008 - ფიქსირებული სიგრძის მონაცემთა ელემენტები - ზოგადი ინფორმაცია
ფიქსირებული სიგრძის საკონტროლო ველი 250415s2020 ge ||||| |||| 00| 0 geo d
020 ## - წიგნის საერთაშორისო სტანდარტული ნომერი
International Standard Book Number 9789941324536
041 ## - ენის კოდი
Language code of text/sound track or separate title geo
080 ## - უნივერსალური ათობითი კლასიფიკაციის ინდექსი
Universal Decimal Classification number 087.5:030(084.1) ს-34
245 ## - ცნობა სათაურის შესახებ
Title საყმაწვილო უნივერსალური ენციკლოპედია :
Remainder of title ყველაფერი რაც უნდა იცოდე! /
Statement of responsibility, etc მთარგმნელი ნინო ბელთაძე ; სარედაქციო ჯგუფი: ლადო იოსებაძე, ცისანა ბურჯანაძე, ნატალია ახვლედიანი [და სხვა].
264 ## - წარმოების, გამოცემის, დისტრიბუციის და სხვა ცნობები
გამოცემის, წარმოების, დისტრიბუციის... ადგილი თბილისი :
გამოცემის, წარმოების, დისტრიბუციის... სახელწოდება პალიტრა L,
გამოცემის, წარმოების, დისტრიბუციის... თარიღი 2020.
300 ## - ფიზიკური აღწერა
Extent 320 გვ. :
Other physical details ილ. ;
Dimensions 29 სმ.
700 ## - ADDED ENTRY--PERSONAL NAME
Personal name ბელთაძე, ნინო
Relator term მთარგმნელი
9 (RLIN) 24808
700 ## - ADDED ENTRY--PERSONAL NAME
Personal name იოსებაძე, ლადო
Relator term რედაქტორი
9 (RLIN) 17896
700 ## - ADDED ENTRY--PERSONAL NAME
Personal name ბურჯანაძე, ცისანა
Relator term რედაქტორი
9 (RLIN) 24811
700 ## - ADDED ENTRY--PERSONAL NAME
Personal name ახვლედიანი, ნატალია
Relator term რედაქტორი
9 (RLIN) 5563
700 ## - ADDED ENTRY--PERSONAL NAME
Personal name დათაშვილი, შორენა
Relator term რედაქტორი
9 (RLIN) 24812
700 ## - ADDED ENTRY--PERSONAL NAME
Personal name სამხარაძე, თამარ
Relator term რედაქტორი
9 (RLIN) 24813
942 ## - ADDED ENTRY ELEMENTS (KOHA)
Source of classification or shelving scheme
Koha item type წიგნი
ეგზემპლარები
ჩამოწერის სტატუსი დაკარგული ეგზემპლარის სტატუსი კლასიფიკაციის წყარო ან თაროზე გაწყობის სქემა დაზიანების სტატუსი არ გაიცემა მუდმივი მდებარეობა (დაცვის ადგილი) ამჟამინდელი ადგილსამყოფელი თაროზე განთავსების ადგილი შეძენის თარიღი ღირებულება, შესყიდვის ნორმალური ფასი სრული შენახვის შიფრი შტრიხკოდი ბოლო ოპერაციის თარიღი ეგზემპლარის მიმდევრობითი ნომერი (კეტერი?) ფასის ძალაში შესვლის თარიღი ეგზემპლარის სახეობა საჯარო შენიშვნა
          ბათუმის შოთა რუსთაველის სახელმწიფო უნივერსიტეტის მთავარი ბიბლიოთეკა ბათუმის შოთა რუსთაველის სახელმწიფო უნივერსიტეტის მთავარი ბიბლიოთეკა წიგნსაცავი 2025-04-15 30.00 087.5:030(084.1) ს-34 71138 2025-04-15 71138 2025-04-15 წიგნი 30 ლ.